<?xml version="1.0" encoding="UTF-8"?>
<record
    xmlns:xsi="http://www.w3.org/2001/XMLSchema-instance"
    xsi:schemaLocation="http://www.loc.gov/MARC21/slim http://www.loc.gov/standards/marcxml/schema/MARC21slim.xsd"
    xmlns="http://www.loc.gov/MARC21/slim">

  <leader>01308cas a2200325 i 4500</leader>
  <controlfield tag="001">000037084</controlfield>
  <controlfield tag="003">DO-SdBNP</controlfield>
  <controlfield tag="005">20250722113321.0</controlfield>
  <controlfield tag="007">ta</controlfield>
  <controlfield tag="008">120213c1972    dr ur1p|r    ||    0spa d</controlfield>
  <datafield tag="040" ind1=" " ind2=" ">
    <subfield code="a">DO-SdBNP</subfield>
    <subfield code="b">spa</subfield>
    <subfield code="c">DO-SdBNP</subfield>
    <subfield code="e">rda</subfield>
  </datafield>
  <datafield tag="041" ind1=" " ind2=" ">
    <subfield code="h">spa</subfield>
  </datafield>
  <datafield tag="043" ind1=" " ind2=" ">
    <subfield code="a">nwdr</subfield>
  </datafield>
  <datafield tag="110" ind1=" " ind2=" ">
    <subfield code="a">Museo del Hombre Dominicano</subfield>
    <subfield code="9">31265</subfield>
  </datafield>
  <datafield tag="245" ind1="0" ind2="0">
    <subfield code="a">Bolet&#xED;n del Museo del Hombre Dominicano.</subfield>
  </datafield>
  <datafield tag="264" ind1=" " ind2=" ">
    <subfield code="a">Santo Domingo, Rep&#xFA;blica Dominicana :</subfield>
    <subfield code="b">Cultura Dominicana, </subfield>
    <subfield code="c">1972.</subfield>
  </datafield>
  <datafield tag="300" ind1=" " ind2=" ">
    <subfield code="a">volumen : </subfield>
    <subfield code="b">ilustraciones, fotograf&#xED;as, graficas, tablas ; </subfield>
    <subfield code="c">23 cm.</subfield>
  </datafield>
  <datafield tag="310" ind1=" " ind2=" ">
    <subfield code="a">Desconocida.</subfield>
  </datafield>
  <datafield tag="336" ind1=" " ind2=" ">
    <subfield code="a">texto</subfield>
    <subfield code="b">txt</subfield>
    <subfield code="2">rdacontent</subfield>
  </datafield>
  <datafield tag="337" ind1=" " ind2=" ">
    <subfield code="a">sin mediaci&#xF3;n </subfield>
    <subfield code="b">n</subfield>
    <subfield code="2">rdamedia</subfield>
  </datafield>
  <datafield tag="338" ind1=" " ind2=" ">
    <subfield code="a">volumen </subfield>
    <subfield code="b">nc</subfield>
    <subfield code="2">rdacarrier</subfield>
  </datafield>
  <datafield tag="362" ind1=" " ind2=" ">
    <subfield code="a">1972.</subfield>
  </datafield>
  <datafield tag="500" ind1=" " ind2=" ">
    <subfield code="a">Este bolet&#xED;n se edita con el fin de mantener al d&#xED;a las informaciones antropol&#xF3;gicas y arqueol&#xF3;gicas ligadas a los actuales trabajos del Museo del Hombre Dominicano.</subfield>
  </datafield>
  <datafield tag="500" ind1=" " ind2=" ">
    <subfield code="a">El bolet&#xED;n 43 tiene un n&#xFA;mero de ISSN: 0252-8614.</subfield>
  </datafield>
  <datafield tag="500" ind1=" " ind2=" ">
    <subfield code="a">A partir del bolet&#xED;n 48, cambia el ISSN: 2676-0851.  </subfield>
  </datafield>
  <datafield tag="650" ind1=" " ind2="4">
    <subfield code="a">Antropolog&#xED;a dominicana</subfield>
    <subfield code="z">Rep&#xFA;blica Dominicana</subfield>
    <subfield code="9">63498</subfield>
    <subfield code="v">Publicaciones peri&#xF3;dicas</subfield>
  </datafield>
  <datafield tag="650" ind1=" " ind2="0">
    <subfield code="a">Museo del hombre dominicano</subfield>
    <subfield code="9">88383</subfield>
    <subfield code="v">Publicaciones peri&#xF3;dicas</subfield>
  </datafield>
  <datafield tag="651" ind1=" " ind2="4">
    <subfield code="a">Rep&#xFA;blica Dominicana</subfield>
    <subfield code="9">10483</subfield>
  </datafield>
  <datafield tag="942" ind1=" " ind2=" ">
    <subfield code="2">ddc</subfield>
    <subfield code="c">ISSUE</subfield>
  </datafield>
  <datafield tag="952" ind1=" " ind2=" ">
    <subfield code="0">0</subfield>
    <subfield code="1">0</subfield>
    <subfield code="2">ddc</subfield>
    <subfield code="3">Pr&#xE9;stamo en sala</subfield>
    <subfield code="4">0</subfield>
    <subfield code="5">6</subfield>
    <subfield code="7">0</subfield>
    <subfield code="8">SE</subfield>
    <subfield code="a">PD</subfield>
    <subfield code="b">PD</subfield>
    <subfield code="d">2012-04-17</subfield>
    <subfield code="h">No. 1 (1972)</subfield>
    <subfield code="i">2012041720120417</subfield>
    <subfield code="l">0</subfield>
    <subfield code="p">37084-1-1</subfield>
    <subfield code="r">2020-08-08</subfield>
    <subfield code="t">e.1</subfield>
    <subfield code="w">2020-08-08</subfield>
    <subfield code="y">ISSUE</subfield>
    <subfield code="z">Perteneci&#xF3; a la biblioteca personal de Carlos Larraz&#xE1;bal Blanco.</subfield>
  </datafield>
  <datafield tag="952" ind1=" " ind2=" ">
    <subfield code="0">0</subfield>
    <subfield code="1">0</subfield>
    <subfield code="2">ddc</subfield>
    <subfield code="4">0</subfield>
    <subfield code="5">6</subfield>
    <subfield code="7">0</subfield>
    <subfield code="8">SE</subfield>
    <subfield code="a">BNPHU</subfield>
    <subfield code="b">BNPHU</subfield>
    <subfield code="d">2025-07-17</subfield>
    <subfield code="h">No. 2 (1972)</subfield>
    <subfield code="l">0</subfield>
    <subfield code="p">2025-6664</subfield>
    <subfield code="r">2025-07-17</subfield>
    <subfield code="t">e.1</subfield>
    <subfield code="w">2025-07-17</subfield>
    <subfield code="y">ISSUE</subfield>
    <subfield code="z">Donaci&#xF3;n. </subfield>
  </datafield>
  <datafield tag="952" ind1=" " ind2=" ">
    <subfield code="0">0</subfield>
    <subfield code="1">0</subfield>
    <subfield code="2">ddc</subfield>
    <subfield code="4">0</subfield>
    <subfield code="5">6</subfield>
    <subfield code="7">0</subfield>
    <subfield code="8">SE</subfield>
    <subfield code="a">BNPHU</subfield>
    <subfield code="b">BNPHU</subfield>
    <subfield code="d">2025-07-17</subfield>
    <subfield code="h">A&#xF1;o 10, No. 17 (1982)</subfield>
    <subfield code="l">0</subfield>
    <subfield code="p">2025-6665</subfield>
    <subfield code="r">2025-07-17</subfield>
    <subfield code="t">e.1</subfield>
    <subfield code="w">2025-07-17</subfield>
    <subfield code="y">ISSUE</subfield>
    <subfield code="z">Donaci&#xF3;n. </subfield>
  </datafield>
  <datafield tag="952" ind1=" " ind2=" ">
    <subfield code="0">0</subfield>
    <subfield code="1">0</subfield>
    <subfield code="2">ddc</subfield>
    <subfield code="4">0</subfield>
    <subfield code="5">6</subfield>
    <subfield code="7">0</subfield>
    <subfield code="8">SE</subfield>
    <subfield code="a">BNPHU</subfield>
    <subfield code="b">BNPHU</subfield>
    <subfield code="d">2025-07-17</subfield>
    <subfield code="h">A&#xF1;o 18, No. 24 (1991)</subfield>
    <subfield code="l">0</subfield>
    <subfield code="p">2025-6666</subfield>
    <subfield code="r">2025-07-17</subfield>
    <subfield code="t">e.1</subfield>
    <subfield code="w">2025-07-17</subfield>
    <subfield code="y">ISSUE</subfield>
    <subfield code="z">Donaci&#xF3;n. </subfield>
  </datafield>
  <datafield tag="952" ind1=" " ind2=" ">
    <subfield code="0">0</subfield>
    <subfield code="1">0</subfield>
    <subfield code="2">ddc</subfield>
    <subfield code="4">0</subfield>
    <subfield code="5">6</subfield>
    <subfield code="7">0</subfield>
    <subfield code="8">SE</subfield>
    <subfield code="a">BNPHU</subfield>
    <subfield code="b">BNPHU</subfield>
    <subfield code="d">2025-07-17</subfield>
    <subfield code="h">A&#xF1;o 19, No. 25 (1992)</subfield>
    <subfield code="l">0</subfield>
    <subfield code="p">2025-6667</subfield>
    <subfield code="r">2025-07-17</subfield>
    <subfield code="t">e.1</subfield>
    <subfield code="w">2025-07-17</subfield>
    <subfield code="y">ISSUE</subfield>
    <subfield code="z">Donaci&#xF3;n. </subfield>
  </datafield>
  <datafield tag="952" ind1=" " ind2=" ">
    <subfield code="0">0</subfield>
    <subfield code="1">0</subfield>
    <subfield code="2">ddc</subfield>
    <subfield code="4">0</subfield>
    <subfield code="5">6</subfield>
    <subfield code="7">0</subfield>
    <subfield code="8">SE</subfield>
    <subfield code="a">BNPHU</subfield>
    <subfield code="b">BNPHU</subfield>
    <subfield code="d">2025-07-22</subfield>
    <subfield code="h">No. 2 (1972)</subfield>
    <subfield code="l">0</subfield>
    <subfield code="p">2025-6950</subfield>
    <subfield code="r">2025-07-22</subfield>
    <subfield code="t">e.2</subfield>
    <subfield code="w">2025-07-22</subfield>
    <subfield code="y">ISSUE</subfield>
    <subfield code="z">Donado: Luis Floren Lozano.</subfield>
  </datafield>
  <datafield tag="952" ind1=" " ind2=" ">
    <subfield code="0">0</subfield>
    <subfield code="1">0</subfield>
    <subfield code="2">ddc</subfield>
    <subfield code="4">0</subfield>
    <subfield code="5">6</subfield>
    <subfield code="7">0</subfield>
    <subfield code="8">SE</subfield>
    <subfield code="a">BNPHU</subfield>
    <subfield code="b">BNPHU</subfield>
    <subfield code="d">2025-07-22</subfield>
    <subfield code="h">No. 2 (1972)</subfield>
    <subfield code="l">0</subfield>
    <subfield code="p">2025-6951</subfield>
    <subfield code="r">2025-07-22</subfield>
    <subfield code="t">e.3</subfield>
    <subfield code="w">2025-07-22</subfield>
    <subfield code="y">ISSUE</subfield>
    <subfield code="z">Donado: Luis Floren Lozano.</subfield>
  </datafield>
  <datafield tag="952" ind1=" " ind2=" ">
    <subfield code="0">0</subfield>
    <subfield code="1">0</subfield>
    <subfield code="2">ddc</subfield>
    <subfield code="4">0</subfield>
    <subfield code="5">6</subfield>
    <subfield code="7">0</subfield>
    <subfield code="8">SE</subfield>
    <subfield code="a">BNPHU</subfield>
    <subfield code="b">BNPHU</subfield>
    <subfield code="d">2025-07-22</subfield>
    <subfield code="h">No. 2 (1972)</subfield>
    <subfield code="l">0</subfield>
    <subfield code="p">2025-6952</subfield>
    <subfield code="r">2025-07-22</subfield>
    <subfield code="t">e.4</subfield>
    <subfield code="w">2025-07-22</subfield>
    <subfield code="y">ISSUE</subfield>
    <subfield code="z">Donado: Biblioteca UNPHU.</subfield>
  </datafield>
  <datafield tag="952" ind1=" " ind2=" ">
    <subfield code="0">0</subfield>
    <subfield code="1">0</subfield>
    <subfield code="2">ddc</subfield>
    <subfield code="4">0</subfield>
    <subfield code="5">6</subfield>
    <subfield code="7">0</subfield>
    <subfield code="8">SE</subfield>
    <subfield code="a">BNPHU</subfield>
    <subfield code="b">BNPHU</subfield>
    <subfield code="d">2025-07-22</subfield>
    <subfield code="h">No. 3 (1973)</subfield>
    <subfield code="l">0</subfield>
    <subfield code="p">2025-6954</subfield>
    <subfield code="r">2025-07-22</subfield>
    <subfield code="t">e.1</subfield>
    <subfield code="w">2025-07-22</subfield>
    <subfield code="y">ISSUE</subfield>
    <subfield code="z">N&#xFA;mero Especial: Inauguraci&#xF3;n del Museo del Hombre.</subfield>
  </datafield>
  <datafield tag="952" ind1=" " ind2=" ">
    <subfield code="0">0</subfield>
    <subfield code="1">0</subfield>
    <subfield code="2">ddc</subfield>
    <subfield code="4">0</subfield>
    <subfield code="5">6</subfield>
    <subfield code="7">0</subfield>
    <subfield code="8">SE</subfield>
    <subfield code="a">BNPHU</subfield>
    <subfield code="b">BNPHU</subfield>
    <subfield code="d">2025-07-22</subfield>
    <subfield code="h">No. 3 (1973)</subfield>
    <subfield code="l">0</subfield>
    <subfield code="p">2025-6955</subfield>
    <subfield code="r">2025-07-22</subfield>
    <subfield code="t">e.2</subfield>
    <subfield code="w">2025-07-22</subfield>
    <subfield code="y">ISSUE</subfield>
    <subfield code="z">N&#xFA;mero Especial: Inauguraci&#xF3;n del Museo del Hombre.</subfield>
  </datafield>
  <datafield tag="952" ind1=" " ind2=" ">
    <subfield code="0">0</subfield>
    <subfield code="1">0</subfield>
    <subfield code="2">ddc</subfield>
    <subfield code="4">0</subfield>
    <subfield code="5">6</subfield>
    <subfield code="7">0</subfield>
    <subfield code="8">SE</subfield>
    <subfield code="a">BNPHU</subfield>
    <subfield code="b">BNPHU</subfield>
    <subfield code="d">2025-07-22</subfield>
    <subfield code="h">No. 3 (1973)</subfield>
    <subfield code="l">0</subfield>
    <subfield code="p">2025-6956</subfield>
    <subfield code="r">2025-07-22</subfield>
    <subfield code="t">e.3</subfield>
    <subfield code="w">2025-07-22</subfield>
    <subfield code="y">ISSUE</subfield>
    <subfield code="z">N&#xFA;mero Especial: Inauguraci&#xF3;n del Museo del Hombre.</subfield>
  </datafield>
  <datafield tag="952" ind1=" " ind2=" ">
    <subfield code="0">0</subfield>
    <subfield code="1">0</subfield>
    <subfield code="2">ddc</subfield>
    <subfield code="4">0</subfield>
    <subfield code="5">6</subfield>
    <subfield code="7">0</subfield>
    <subfield code="8">SE</subfield>
    <subfield code="a">BNPHU</subfield>
    <subfield code="b">BNPHU</subfield>
    <subfield code="d">2025-07-22</subfield>
    <subfield code="h">No. 4 (octubre 1974)</subfield>
    <subfield code="l">0</subfield>
    <subfield code="p">2025-6958</subfield>
    <subfield code="r">2025-07-22</subfield>
    <subfield code="t">e.1</subfield>
    <subfield code="w">2025-07-22</subfield>
    <subfield code="y">ISSUE</subfield>
    <subfield code="z">Donado por Centro Le&#xF3;n.</subfield>
  </datafield>
  <datafield tag="952" ind1=" " ind2=" ">
    <subfield code="0">0</subfield>
    <subfield code="1">0</subfield>
    <subfield code="2">ddc</subfield>
    <subfield code="4">0</subfield>
    <subfield code="5">6</subfield>
    <subfield code="7">0</subfield>
    <subfield code="8">SE</subfield>
    <subfield code="a">BNPHU</subfield>
    <subfield code="b">BNPHU</subfield>
    <subfield code="d">2025-07-22</subfield>
    <subfield code="h">No. 4 (octubre 1974)</subfield>
    <subfield code="l">0</subfield>
    <subfield code="p">2025-6959</subfield>
    <subfield code="r">2025-07-22</subfield>
    <subfield code="t">e.2</subfield>
    <subfield code="w">2025-07-22</subfield>
    <subfield code="y">ISSUE</subfield>
    <subfield code="z">Donado por Centro Le&#xF3;n.</subfield>
  </datafield>
  <datafield tag="952" ind1=" " ind2=" ">
    <subfield code="0">0</subfield>
    <subfield code="1">0</subfield>
    <subfield code="2">ddc</subfield>
    <subfield code="4">0</subfield>
    <subfield code="5">6</subfield>
    <subfield code="7">0</subfield>
    <subfield code="8">SE</subfield>
    <subfield code="a">BNPHU</subfield>
    <subfield code="b">BNPHU</subfield>
    <subfield code="d">2025-07-22</subfield>
    <subfield code="h">A&#xF1;o 4. No. 8 (enero-marzo 1976)</subfield>
    <subfield code="l">0</subfield>
    <subfield code="p">2025-6960</subfield>
    <subfield code="r">2025-07-22</subfield>
    <subfield code="t">e.1</subfield>
    <subfield code="w">2025-07-22</subfield>
    <subfield code="y">ISSUE</subfield>
    <subfield code="z">Donado por: Biblioteca Rep&#xFA;blica Dominicana.</subfield>
  </datafield>
  <datafield tag="952" ind1=" " ind2=" ">
    <subfield code="0">0</subfield>
    <subfield code="1">0</subfield>
    <subfield code="2">ddc</subfield>
    <subfield code="4">0</subfield>
    <subfield code="5">6</subfield>
    <subfield code="7">0</subfield>
    <subfield code="8">SE</subfield>
    <subfield code="a">BNPHU</subfield>
    <subfield code="b">BNPHU</subfield>
    <subfield code="d">2025-07-22</subfield>
    <subfield code="h">A&#xF1;o 4. No. 8 (enero-marzo 1976)</subfield>
    <subfield code="l">0</subfield>
    <subfield code="p">2025-6961</subfield>
    <subfield code="r">2025-07-22</subfield>
    <subfield code="t">e.2</subfield>
    <subfield code="w">2025-07-22</subfield>
    <subfield code="y">ISSUE</subfield>
    <subfield code="z">Donado por: Biblioteca Rep&#xFA;blica Dominicana.</subfield>
  </datafield>
  <datafield tag="952" ind1=" " ind2=" ">
    <subfield code="0">0</subfield>
    <subfield code="1">0</subfield>
    <subfield code="2">ddc</subfield>
    <subfield code="4">0</subfield>
    <subfield code="5">6</subfield>
    <subfield code="7">0</subfield>
    <subfield code="8">SE</subfield>
    <subfield code="a">BNPHU</subfield>
    <subfield code="b">BNPHU</subfield>
    <subfield code="d">2025-07-22</subfield>
    <subfield code="h">No. 5 (octubre 1974)</subfield>
    <subfield code="l">0</subfield>
    <subfield code="p">2025-6963</subfield>
    <subfield code="r">2025-07-22</subfield>
    <subfield code="t">e.1</subfield>
    <subfield code="w">2025-07-22</subfield>
    <subfield code="y">ISSUE</subfield>
  </datafield>
  <datafield tag="952" ind1=" " ind2=" ">
    <subfield code="0">0</subfield>
    <subfield code="1">0</subfield>
    <subfield code="2">ddc</subfield>
    <subfield code="4">0</subfield>
    <subfield code="5">6</subfield>
    <subfield code="7">0</subfield>
    <subfield code="8">SE</subfield>
    <subfield code="a">BNPHU</subfield>
    <subfield code="b">BNPHU</subfield>
    <subfield code="d">2025-07-22</subfield>
    <subfield code="h">No. 6 (julio 1976)</subfield>
    <subfield code="l">0</subfield>
    <subfield code="p">2025-6964</subfield>
    <subfield code="r">2025-07-22</subfield>
    <subfield code="t">e.1</subfield>
    <subfield code="w">2025-07-22</subfield>
    <subfield code="y">ISSUE</subfield>
  </datafield>
  <datafield tag="952" ind1=" " ind2=" ">
    <subfield code="0">0</subfield>
    <subfield code="1">0</subfield>
    <subfield code="2">ddc</subfield>
    <subfield code="4">0</subfield>
    <subfield code="5">6</subfield>
    <subfield code="7">0</subfield>
    <subfield code="8">SE</subfield>
    <subfield code="a">BNPHU</subfield>
    <subfield code="b">BNPHU</subfield>
    <subfield code="d">2025-07-22</subfield>
    <subfield code="h">No. 1 (marzo 1972)</subfield>
    <subfield code="l">0</subfield>
    <subfield code="p">2025-6965</subfield>
    <subfield code="r">2025-07-22</subfield>
    <subfield code="t">e.2</subfield>
    <subfield code="w">2025-07-22</subfield>
    <subfield code="y">ISSUE</subfield>
    <subfield code="z">Donado por: Biblioteca Luis Floren Lozano.</subfield>
  </datafield>
  <datafield tag="952" ind1=" " ind2=" ">
    <subfield code="0">0</subfield>
    <subfield code="1">0</subfield>
    <subfield code="2">ddc</subfield>
    <subfield code="4">0</subfield>
    <subfield code="5">6</subfield>
    <subfield code="7">0</subfield>
    <subfield code="8">SE</subfield>
    <subfield code="a">BNPHU</subfield>
    <subfield code="b">BNPHU</subfield>
    <subfield code="d">2025-07-22</subfield>
    <subfield code="h">No. 1 (marzo 1972)</subfield>
    <subfield code="l">0</subfield>
    <subfield code="p">2025-6966</subfield>
    <subfield code="r">2025-07-22</subfield>
    <subfield code="t">e.3</subfield>
    <subfield code="w">2025-07-22</subfield>
    <subfield code="y">ISSUE</subfield>
    <subfield code="z">Donado por: Biblioteca Luis Floren Lozano.</subfield>
  </datafield>
  <datafield tag="952" ind1=" " ind2=" ">
    <subfield code="0">0</subfield>
    <subfield code="1">0</subfield>
    <subfield code="2">ddc</subfield>
    <subfield code="4">0</subfield>
    <subfield code="5">6</subfield>
    <subfield code="7">0</subfield>
    <subfield code="8">SE</subfield>
    <subfield code="a">BNPHU</subfield>
    <subfield code="b">BNPHU</subfield>
    <subfield code="d">2025-07-22</subfield>
    <subfield code="h">No. 1 (marzo 1972)</subfield>
    <subfield code="l">0</subfield>
    <subfield code="p">2025-6967</subfield>
    <subfield code="r">2025-07-22</subfield>
    <subfield code="t">e.4</subfield>
    <subfield code="w">2025-07-22</subfield>
    <subfield code="y">ISSUE</subfield>
    <subfield code="z">Donado por: Biblioteca Luis Floren Lozano.</subfield>
  </datafield>
  <datafield tag="952" ind1=" " ind2=" ">
    <subfield code="0">0</subfield>
    <subfield code="1">0</subfield>
    <subfield code="2">ddc</subfield>
    <subfield code="4">0</subfield>
    <subfield code="5">6</subfield>
    <subfield code="7">0</subfield>
    <subfield code="8">SE</subfield>
    <subfield code="a">BNPHU</subfield>
    <subfield code="b">BNPHU</subfield>
    <subfield code="d">2025-07-22</subfield>
    <subfield code="h">No. 1 (marzo 1972)</subfield>
    <subfield code="l">0</subfield>
    <subfield code="p">2025-6968</subfield>
    <subfield code="r">2025-07-22</subfield>
    <subfield code="t">e.5</subfield>
    <subfield code="w">2025-07-22</subfield>
    <subfield code="y">ISSUE</subfield>
    <subfield code="z">Donado por: Biblioteca Luis Floren Lozano.</subfield>
  </datafield>
  <datafield tag="952" ind1=" " ind2=" ">
    <subfield code="0">0</subfield>
    <subfield code="1">0</subfield>
    <subfield code="2">ddc</subfield>
    <subfield code="4">0</subfield>
    <subfield code="5">6</subfield>
    <subfield code="7">0</subfield>
    <subfield code="8">SE</subfield>
    <subfield code="a">BNPHU</subfield>
    <subfield code="b">BNPHU</subfield>
    <subfield code="d">2025-07-22</subfield>
    <subfield code="h">No. 2 (1972)</subfield>
    <subfield code="l">0</subfield>
    <subfield code="p">2025-6969</subfield>
    <subfield code="r">2025-07-22</subfield>
    <subfield code="t">e.5</subfield>
    <subfield code="w">2025-07-22</subfield>
    <subfield code="y">ISSUE</subfield>
    <subfield code="z">Donado por: Biblioteca Personal Emilio Cordero.</subfield>
  </datafield>
  <datafield tag="952" ind1=" " ind2=" ">
    <subfield code="0">0</subfield>
    <subfield code="1">0</subfield>
    <subfield code="2">ddc</subfield>
    <subfield code="4">0</subfield>
    <subfield code="5">6</subfield>
    <subfield code="7">0</subfield>
    <subfield code="8">SE</subfield>
    <subfield code="a">BNPHU</subfield>
    <subfield code="b">BNPHU</subfield>
    <subfield code="d">2025-07-22</subfield>
    <subfield code="h">No. 3 (1973)</subfield>
    <subfield code="l">0</subfield>
    <subfield code="p">2025-6970</subfield>
    <subfield code="r">2025-07-22</subfield>
    <subfield code="t">e.4</subfield>
    <subfield code="w">2025-07-22</subfield>
    <subfield code="y">ISSUE</subfield>
    <subfield code="z">N&#xFA;mero Especial: Inauguraci&#xF3;n del Museo del Hombre.</subfield>
  </datafield>
  <datafield tag="952" ind1=" " ind2=" ">
    <subfield code="0">0</subfield>
    <subfield code="1">0</subfield>
    <subfield code="2">ddc</subfield>
    <subfield code="4">0</subfield>
    <subfield code="5">6</subfield>
    <subfield code="7">0</subfield>
    <subfield code="8">SE</subfield>
    <subfield code="a">BNPHU</subfield>
    <subfield code="b">BNPHU</subfield>
    <subfield code="d">2025-07-22</subfield>
    <subfield code="h">No. 4 (octubre 1974)</subfield>
    <subfield code="l">0</subfield>
    <subfield code="p">2025-6971</subfield>
    <subfield code="r">2025-07-22</subfield>
    <subfield code="t">e.3</subfield>
    <subfield code="w">2025-07-22</subfield>
    <subfield code="y">ISSUE</subfield>
  </datafield>
  <datafield tag="952" ind1=" " ind2=" ">
    <subfield code="0">0</subfield>
    <subfield code="1">0</subfield>
    <subfield code="2">ddc</subfield>
    <subfield code="4">0</subfield>
    <subfield code="5">6</subfield>
    <subfield code="7">0</subfield>
    <subfield code="8">SE</subfield>
    <subfield code="a">BNPHU</subfield>
    <subfield code="b">BNPHU</subfield>
    <subfield code="d">2025-07-22</subfield>
    <subfield code="h">No. 5 (octubre 1974)</subfield>
    <subfield code="l">0</subfield>
    <subfield code="p">2025-6972</subfield>
    <subfield code="r">2025-07-22</subfield>
    <subfield code="t">e.2</subfield>
    <subfield code="w">2025-07-22</subfield>
    <subfield code="y">ISSUE</subfield>
  </datafield>
  <datafield tag="952" ind1=" " ind2=" ">
    <subfield code="0">0</subfield>
    <subfield code="1">0</subfield>
    <subfield code="2">ddc</subfield>
    <subfield code="4">0</subfield>
    <subfield code="5">6</subfield>
    <subfield code="7">0</subfield>
    <subfield code="8">SE</subfield>
    <subfield code="a">BNPHU</subfield>
    <subfield code="b">BNPHU</subfield>
    <subfield code="d">2025-07-22</subfield>
    <subfield code="h">No. 6 (julio 1976)</subfield>
    <subfield code="l">0</subfield>
    <subfield code="p">2025-6973</subfield>
    <subfield code="r">2025-07-22</subfield>
    <subfield code="t">e.2</subfield>
    <subfield code="w">2025-07-22</subfield>
    <subfield code="y">ISSUE</subfield>
  </datafield>
  <datafield tag="952" ind1=" " ind2=" ">
    <subfield code="0">0</subfield>
    <subfield code="1">0</subfield>
    <subfield code="2">ddc</subfield>
    <subfield code="4">0</subfield>
    <subfield code="5">6</subfield>
    <subfield code="7">0</subfield>
    <subfield code="8">SE</subfield>
    <subfield code="a">BNPHU</subfield>
    <subfield code="b">BNPHU</subfield>
    <subfield code="d">2025-07-22</subfield>
    <subfield code="h">No. 7 (diciembre 1976)</subfield>
    <subfield code="l">0</subfield>
    <subfield code="p">2025-6974</subfield>
    <subfield code="r">2025-07-22</subfield>
    <subfield code="t">e.1</subfield>
    <subfield code="w">2025-07-22</subfield>
    <subfield code="y">ISSUE</subfield>
  </datafield>
  <datafield tag="952" ind1=" " ind2=" ">
    <subfield code="0">0</subfield>
    <subfield code="1">0</subfield>
    <subfield code="2">ddc</subfield>
    <subfield code="4">0</subfield>
    <subfield code="5">6</subfield>
    <subfield code="7">0</subfield>
    <subfield code="8">SE</subfield>
    <subfield code="a">BNPHU</subfield>
    <subfield code="b">BNPHU</subfield>
    <subfield code="d">2025-07-22</subfield>
    <subfield code="h">No. 7 (diciembre 1976)</subfield>
    <subfield code="l">0</subfield>
    <subfield code="p">2025-6975</subfield>
    <subfield code="r">2025-07-22</subfield>
    <subfield code="t">e.2</subfield>
    <subfield code="w">2025-07-22</subfield>
    <subfield code="y">ISSUE</subfield>
  </datafield>
  <datafield tag="952" ind1=" " ind2=" ">
    <subfield code="0">0</subfield>
    <subfield code="1">0</subfield>
    <subfield code="2">ddc</subfield>
    <subfield code="4">0</subfield>
    <subfield code="5">6</subfield>
    <subfield code="7">0</subfield>
    <subfield code="8">SE</subfield>
    <subfield code="a">BNPHU</subfield>
    <subfield code="b">BNPHU</subfield>
    <subfield code="d">2025-07-22</subfield>
    <subfield code="h">A&#xF1;o 4. No. 8 (enero-marzo 1976)</subfield>
    <subfield code="l">0</subfield>
    <subfield code="p">2025-6977</subfield>
    <subfield code="r">2025-07-22</subfield>
    <subfield code="t">e.3</subfield>
    <subfield code="w">2025-07-22</subfield>
    <subfield code="y">ISSUE</subfield>
  </datafield>
  <datafield tag="952" ind1=" " ind2=" ">
    <subfield code="0">0</subfield>
    <subfield code="1">0</subfield>
    <subfield code="2">ddc</subfield>
    <subfield code="4">0</subfield>
    <subfield code="5">6</subfield>
    <subfield code="7">0</subfield>
    <subfield code="8">SE</subfield>
    <subfield code="a">BNPHU</subfield>
    <subfield code="b">BNPHU</subfield>
    <subfield code="d">2025-07-22</subfield>
    <subfield code="h">A&#xF1;o 7. No. 9 (enero 1978)</subfield>
    <subfield code="l">0</subfield>
    <subfield code="p">2025-6978</subfield>
    <subfield code="r">2025-07-22</subfield>
    <subfield code="t">e.1</subfield>
    <subfield code="w">2025-07-22</subfield>
    <subfield code="y">ISSUE</subfield>
  </datafield>
  <datafield tag="952" ind1=" " ind2=" ">
    <subfield code="0">0</subfield>
    <subfield code="1">0</subfield>
    <subfield code="2">ddc</subfield>
    <subfield code="4">0</subfield>
    <subfield code="5">6</subfield>
    <subfield code="7">0</subfield>
    <subfield code="8">SE</subfield>
    <subfield code="a">BNPHU</subfield>
    <subfield code="b">BNPHU</subfield>
    <subfield code="d">2025-07-22</subfield>
    <subfield code="h">A&#xF1;o 7. No. 10 (mayo 1978)</subfield>
    <subfield code="l">0</subfield>
    <subfield code="p">2025-6979</subfield>
    <subfield code="r">2025-07-22</subfield>
    <subfield code="t">e.1</subfield>
    <subfield code="w">2025-07-22</subfield>
    <subfield code="y">ISSUE</subfield>
    <subfield code="z">In Memoriam: Arq. Jos&#xE9; A. Caro Alvarez.</subfield>
  </datafield>
  <datafield tag="952" ind1=" " ind2=" ">
    <subfield code="0">0</subfield>
    <subfield code="1">0</subfield>
    <subfield code="2">ddc</subfield>
    <subfield code="4">0</subfield>
    <subfield code="5">6</subfield>
    <subfield code="7">0</subfield>
    <subfield code="8">SE</subfield>
    <subfield code="a">BNPHU</subfield>
    <subfield code="b">BNPHU</subfield>
    <subfield code="d">2025-07-22</subfield>
    <subfield code="h">A&#xF1;o 7. No. 10 (mayo 1978)</subfield>
    <subfield code="l">0</subfield>
    <subfield code="p">2025-6980</subfield>
    <subfield code="r">2025-07-22</subfield>
    <subfield code="t">e.2</subfield>
    <subfield code="w">2025-07-22</subfield>
    <subfield code="y">ISSUE</subfield>
    <subfield code="z">In Memoriam: Arq. Jos&#xE9; A. Caro Alvarez.</subfield>
  </datafield>
  <datafield tag="952" ind1=" " ind2=" ">
    <subfield code="0">0</subfield>
    <subfield code="1">0</subfield>
    <subfield code="2">ddc</subfield>
    <subfield code="4">0</subfield>
    <subfield code="5">6</subfield>
    <subfield code="7">0</subfield>
    <subfield code="8">SE</subfield>
    <subfield code="a">BNPHU</subfield>
    <subfield code="b">BNPHU</subfield>
    <subfield code="d">2025-07-22</subfield>
    <subfield code="h">A&#xF1;o 7. No. 10 (mayo 1978)</subfield>
    <subfield code="l">0</subfield>
    <subfield code="p">2025-6981</subfield>
    <subfield code="r">2025-07-22</subfield>
    <subfield code="t">e.3</subfield>
    <subfield code="w">2025-07-22</subfield>
    <subfield code="y">ISSUE</subfield>
    <subfield code="z">In Memoriam: Arq. Jos&#xE9; A. Caro Alvarez.</subfield>
  </datafield>
  <datafield tag="952" ind1=" " ind2=" ">
    <subfield code="0">0</subfield>
    <subfield code="1">0</subfield>
    <subfield code="2">ddc</subfield>
    <subfield code="4">0</subfield>
    <subfield code="5">6</subfield>
    <subfield code="7">0</subfield>
    <subfield code="8">SE</subfield>
    <subfield code="a">BNPHU</subfield>
    <subfield code="b">BNPHU</subfield>
    <subfield code="d">2025-07-22</subfield>
    <subfield code="h">A&#xF1;o 7. No. 11 (septiembre 1978)</subfield>
    <subfield code="l">0</subfield>
    <subfield code="p">2025-6982</subfield>
    <subfield code="r">2025-07-22</subfield>
    <subfield code="t">e.1</subfield>
    <subfield code="w">2025-07-22</subfield>
    <subfield code="y">ISSUE</subfield>
  </datafield>
  <datafield tag="952" ind1=" " ind2=" ">
    <subfield code="0">0</subfield>
    <subfield code="1">0</subfield>
    <subfield code="2">ddc</subfield>
    <subfield code="4">0</subfield>
    <subfield code="5">6</subfield>
    <subfield code="7">0</subfield>
    <subfield code="8">SE</subfield>
    <subfield code="a">BNPHU</subfield>
    <subfield code="b">BNPHU</subfield>
    <subfield code="d">2025-07-22</subfield>
    <subfield code="h">A&#xF1;o 7. No. 11 (septiembre 1978)</subfield>
    <subfield code="l">0</subfield>
    <subfield code="p">2025-6983</subfield>
    <subfield code="r">2025-07-22</subfield>
    <subfield code="t">e.2</subfield>
    <subfield code="w">2025-07-22</subfield>
    <subfield code="y">ISSUE</subfield>
  </datafield>
  <datafield tag="952" ind1=" " ind2=" ">
    <subfield code="0">0</subfield>
    <subfield code="1">0</subfield>
    <subfield code="2">ddc</subfield>
    <subfield code="4">0</subfield>
    <subfield code="5">6</subfield>
    <subfield code="7">0</subfield>
    <subfield code="8">SE</subfield>
    <subfield code="a">BNPHU</subfield>
    <subfield code="b">BNPHU</subfield>
    <subfield code="d">2025-07-22</subfield>
    <subfield code="h">A&#xF1;o 7. No. 11 (septiembre 1978)</subfield>
    <subfield code="l">0</subfield>
    <subfield code="p">2025-6984</subfield>
    <subfield code="r">2025-07-22</subfield>
    <subfield code="t">e.3</subfield>
    <subfield code="w">2025-07-22</subfield>
    <subfield code="y">ISSUE</subfield>
  </datafield>
  <datafield tag="952" ind1=" " ind2=" ">
    <subfield code="0">0</subfield>
    <subfield code="1">0</subfield>
    <subfield code="2">ddc</subfield>
    <subfield code="4">0</subfield>
    <subfield code="5">6</subfield>
    <subfield code="7">0</subfield>
    <subfield code="8">SE</subfield>
    <subfield code="a">BNPHU</subfield>
    <subfield code="b">BNPHU</subfield>
    <subfield code="d">2025-07-22</subfield>
    <subfield code="h">A&#xF1;o 7. No. 11 (septiembre 1978)</subfield>
    <subfield code="l">0</subfield>
    <subfield code="p">2025-6985</subfield>
    <subfield code="r">2025-07-22</subfield>
    <subfield code="t">e.4</subfield>
    <subfield code="w">2025-07-22</subfield>
    <subfield code="y">ISSUE</subfield>
  </datafield>
  <datafield tag="952" ind1=" " ind2=" ">
    <subfield code="0">0</subfield>
    <subfield code="1">0</subfield>
    <subfield code="2">ddc</subfield>
    <subfield code="4">0</subfield>
    <subfield code="5">6</subfield>
    <subfield code="7">0</subfield>
    <subfield code="8">SE</subfield>
    <subfield code="a">BNPHU</subfield>
    <subfield code="b">BNPHU</subfield>
    <subfield code="d">2025-07-22</subfield>
    <subfield code="h">A&#xF1;o 7. No. 10 (mayo 1978)</subfield>
    <subfield code="l">0</subfield>
    <subfield code="p">2025-6986</subfield>
    <subfield code="r">2025-07-22</subfield>
    <subfield code="t">e.4</subfield>
    <subfield code="w">2025-07-22</subfield>
    <subfield code="y">ISSUE</subfield>
    <subfield code="z">In Memoriam: Arq. Jos&#xE9; A. Caro Alvarez.</subfield>
  </datafield>
  <datafield tag="952" ind1=" " ind2=" ">
    <subfield code="0">0</subfield>
    <subfield code="1">0</subfield>
    <subfield code="2">ddc</subfield>
    <subfield code="4">0</subfield>
    <subfield code="5">6</subfield>
    <subfield code="7">0</subfield>
    <subfield code="8">SE</subfield>
    <subfield code="a">BNPHU</subfield>
    <subfield code="b">BNPHU</subfield>
    <subfield code="d">2025-07-22</subfield>
    <subfield code="h">A&#xF1;o 8. No. 12 (enero 1979)</subfield>
    <subfield code="l">0</subfield>
    <subfield code="p">2025-6987</subfield>
    <subfield code="r">2025-07-22</subfield>
    <subfield code="t">e.1</subfield>
    <subfield code="w">2025-07-22</subfield>
    <subfield code="y">ISSUE</subfield>
  </datafield>
  <datafield tag="952" ind1=" " ind2=" ">
    <subfield code="0">0</subfield>
    <subfield code="1">0</subfield>
    <subfield code="2">ddc</subfield>
    <subfield code="4">0</subfield>
    <subfield code="5">6</subfield>
    <subfield code="7">0</subfield>
    <subfield code="8">SE</subfield>
    <subfield code="a">BNPHU</subfield>
    <subfield code="b">BNPHU</subfield>
    <subfield code="d">2025-07-22</subfield>
    <subfield code="h">A&#xF1;o 8. No. 12 (enero 1979)</subfield>
    <subfield code="l">0</subfield>
    <subfield code="p">2025-6988</subfield>
    <subfield code="r">2025-07-22</subfield>
    <subfield code="t">e.2</subfield>
    <subfield code="w">2025-07-22</subfield>
    <subfield code="y">ISSUE</subfield>
  </datafield>
  <datafield tag="952" ind1=" " ind2=" ">
    <subfield code="0">0</subfield>
    <subfield code="1">0</subfield>
    <subfield code="2">ddc</subfield>
    <subfield code="4">0</subfield>
    <subfield code="5">6</subfield>
    <subfield code="7">0</subfield>
    <subfield code="8">SE</subfield>
    <subfield code="a">BNPHU</subfield>
    <subfield code="b">BNPHU</subfield>
    <subfield code="d">2025-07-22</subfield>
    <subfield code="h">A&#xF1;o 9. No. 13 (1980)</subfield>
    <subfield code="l">0</subfield>
    <subfield code="p">2025-6989</subfield>
    <subfield code="r">2025-07-22</subfield>
    <subfield code="t">e.1</subfield>
    <subfield code="w">2025-07-22</subfield>
    <subfield code="y">ISSUE</subfield>
  </datafield>
  <datafield tag="952" ind1=" " ind2=" ">
    <subfield code="0">0</subfield>
    <subfield code="1">0</subfield>
    <subfield code="2">ddc</subfield>
    <subfield code="4">0</subfield>
    <subfield code="5">6</subfield>
    <subfield code="7">0</subfield>
    <subfield code="8">SE</subfield>
    <subfield code="a">BNPHU</subfield>
    <subfield code="b">BNPHU</subfield>
    <subfield code="d">2025-07-22</subfield>
    <subfield code="h">A&#xF1;o 9. No. 13 (1980)</subfield>
    <subfield code="l">0</subfield>
    <subfield code="p">2025-6990</subfield>
    <subfield code="r">2025-07-22</subfield>
    <subfield code="t">e.2</subfield>
    <subfield code="w">2025-07-22</subfield>
    <subfield code="y">ISSUE</subfield>
  </datafield>
  <datafield tag="952" ind1=" " ind2=" ">
    <subfield code="0">0</subfield>
    <subfield code="1">0</subfield>
    <subfield code="2">ddc</subfield>
    <subfield code="4">0</subfield>
    <subfield code="5">6</subfield>
    <subfield code="7">0</subfield>
    <subfield code="8">SE</subfield>
    <subfield code="a">BNPHU</subfield>
    <subfield code="b">BNPHU</subfield>
    <subfield code="d">2025-07-22</subfield>
    <subfield code="h">A&#xF1;o 9. No. 14 (1980)</subfield>
    <subfield code="l">0</subfield>
    <subfield code="p">2025-6991</subfield>
    <subfield code="r">2025-07-22</subfield>
    <subfield code="t">e.1</subfield>
    <subfield code="w">2025-07-22</subfield>
    <subfield code="y">ISSUE</subfield>
    <subfield code="z">Donado por: Biblioteca Rep&#xFA;blica Dominicana.</subfield>
  </datafield>
  <datafield tag="952" ind1=" " ind2=" ">
    <subfield code="0">0</subfield>
    <subfield code="1">0</subfield>
    <subfield code="2">ddc</subfield>
    <subfield code="4">0</subfield>
    <subfield code="5">6</subfield>
    <subfield code="7">0</subfield>
    <subfield code="8">SE</subfield>
    <subfield code="a">BNPHU</subfield>
    <subfield code="b">BNPHU</subfield>
    <subfield code="d">2025-07-22</subfield>
    <subfield code="h">A&#xF1;o 9. No. 14 (1980)</subfield>
    <subfield code="l">0</subfield>
    <subfield code="p">2025-6992</subfield>
    <subfield code="r">2025-07-22</subfield>
    <subfield code="t">e.2</subfield>
    <subfield code="w">2025-07-22</subfield>
    <subfield code="y">ISSUE</subfield>
    <subfield code="z">Donado por: Biblioteca Rep&#xFA;blica Dominicana.</subfield>
  </datafield>
  <datafield tag="952" ind1=" " ind2=" ">
    <subfield code="0">0</subfield>
    <subfield code="1">0</subfield>
    <subfield code="2">ddc</subfield>
    <subfield code="4">0</subfield>
    <subfield code="5">6</subfield>
    <subfield code="7">0</subfield>
    <subfield code="8">SE</subfield>
    <subfield code="a">BNPHU</subfield>
    <subfield code="b">BNPHU</subfield>
    <subfield code="d">2025-07-22</subfield>
    <subfield code="h">A&#xF1;o 9. No. 15 (1980)</subfield>
    <subfield code="l">0</subfield>
    <subfield code="p">2025-6993</subfield>
    <subfield code="r">2025-07-22</subfield>
    <subfield code="t">e.1</subfield>
    <subfield code="w">2025-07-22</subfield>
    <subfield code="y">ISSUE</subfield>
    <subfield code="z">Donado por: Biblioteca Rep&#xFA;blica Dominicana.</subfield>
  </datafield>
  <datafield tag="952" ind1=" " ind2=" ">
    <subfield code="0">0</subfield>
    <subfield code="1">0</subfield>
    <subfield code="2">ddc</subfield>
    <subfield code="4">0</subfield>
    <subfield code="5">6</subfield>
    <subfield code="7">0</subfield>
    <subfield code="8">SE</subfield>
    <subfield code="a">BNPHU</subfield>
    <subfield code="b">BNPHU</subfield>
    <subfield code="d">2025-07-22</subfield>
    <subfield code="h">A&#xF1;o 9. No. 15 (1980)</subfield>
    <subfield code="l">0</subfield>
    <subfield code="p">2025-6994</subfield>
    <subfield code="r">2025-07-22</subfield>
    <subfield code="t">e.2</subfield>
    <subfield code="w">2025-07-22</subfield>
    <subfield code="y">ISSUE</subfield>
  </datafield>
  <datafield tag="952" ind1=" " ind2=" ">
    <subfield code="0">0</subfield>
    <subfield code="1">0</subfield>
    <subfield code="2">ddc</subfield>
    <subfield code="4">0</subfield>
    <subfield code="5">6</subfield>
    <subfield code="7">0</subfield>
    <subfield code="8">SE</subfield>
    <subfield code="a">BNPHU</subfield>
    <subfield code="b">BNPHU</subfield>
    <subfield code="d">2025-07-22</subfield>
    <subfield code="h">A&#xF1;o 10. No. 16 (1981)</subfield>
    <subfield code="l">0</subfield>
    <subfield code="p">2025-6995</subfield>
    <subfield code="r">2025-07-22</subfield>
    <subfield code="t">e.1</subfield>
    <subfield code="w">2025-07-22</subfield>
    <subfield code="y">ISSUE</subfield>
  </datafield>
  <datafield tag="952" ind1=" " ind2=" ">
    <subfield code="0">0</subfield>
    <subfield code="1">0</subfield>
    <subfield code="2">ddc</subfield>
    <subfield code="4">0</subfield>
    <subfield code="5">6</subfield>
    <subfield code="7">0</subfield>
    <subfield code="8">SE</subfield>
    <subfield code="a">BNPHU</subfield>
    <subfield code="b">BNPHU</subfield>
    <subfield code="d">2025-07-22</subfield>
    <subfield code="h">A&#xF1;o 10. No. 17 (1982)</subfield>
    <subfield code="l">0</subfield>
    <subfield code="p">2025-6996</subfield>
    <subfield code="r">2025-07-22</subfield>
    <subfield code="t">e.1</subfield>
    <subfield code="w">2025-07-22</subfield>
    <subfield code="y">ISSUE</subfield>
  </datafield>
  <datafield tag="952" ind1=" " ind2=" ">
    <subfield code="0">0</subfield>
    <subfield code="1">0</subfield>
    <subfield code="2">ddc</subfield>
    <subfield code="4">0</subfield>
    <subfield code="5">6</subfield>
    <subfield code="7">0</subfield>
    <subfield code="8">SE</subfield>
    <subfield code="a">BNPHU</subfield>
    <subfield code="b">BNPHU</subfield>
    <subfield code="d">2025-07-22</subfield>
    <subfield code="h">A&#xF1;o 10. No. 17 (1982)</subfield>
    <subfield code="l">0</subfield>
    <subfield code="p">2025-6997</subfield>
    <subfield code="r">2025-07-22</subfield>
    <subfield code="t">e.2</subfield>
    <subfield code="w">2025-07-22</subfield>
    <subfield code="y">ISSUE</subfield>
  </datafield>
  <datafield tag="952" ind1=" " ind2=" ">
    <subfield code="0">0</subfield>
    <subfield code="1">0</subfield>
    <subfield code="2">ddc</subfield>
    <subfield code="4">0</subfield>
    <subfield code="5">6</subfield>
    <subfield code="7">0</subfield>
    <subfield code="8">SE</subfield>
    <subfield code="a">BNPHU</subfield>
    <subfield code="b">BNPHU</subfield>
    <subfield code="d">2025-07-22</subfield>
    <subfield code="h">A&#xF1;o 10. No. 17 (1982)</subfield>
    <subfield code="l">0</subfield>
    <subfield code="p">2025-6998</subfield>
    <subfield code="r">2025-07-22</subfield>
    <subfield code="t">e.3</subfield>
    <subfield code="w">2025-07-22</subfield>
    <subfield code="y">ISSUE</subfield>
  </datafield>
  <datafield tag="952" ind1=" " ind2=" ">
    <subfield code="0">0</subfield>
    <subfield code="1">0</subfield>
    <subfield code="2">ddc</subfield>
    <subfield code="4">0</subfield>
    <subfield code="5">6</subfield>
    <subfield code="7">0</subfield>
    <subfield code="8">SE</subfield>
    <subfield code="a">BNPHU</subfield>
    <subfield code="b">BNPHU</subfield>
    <subfield code="d">2025-07-22</subfield>
    <subfield code="h">A&#xF1;o 10. No. 17 (1982)</subfield>
    <subfield code="l">0</subfield>
    <subfield code="p">2025-6999</subfield>
    <subfield code="r">2025-07-22</subfield>
    <subfield code="t">e.4</subfield>
    <subfield code="w">2025-07-22</subfield>
    <subfield code="y">ISSUE</subfield>
  </datafield>
  <datafield tag="952" ind1=" " ind2=" ">
    <subfield code="0">0</subfield>
    <subfield code="1">0</subfield>
    <subfield code="2">ddc</subfield>
    <subfield code="4">0</subfield>
    <subfield code="5">6</subfield>
    <subfield code="7">0</subfield>
    <subfield code="8">SE</subfield>
    <subfield code="a">BNPHU</subfield>
    <subfield code="b">BNPHU</subfield>
    <subfield code="d">2025-07-22</subfield>
    <subfield code="h">A&#xF1;o 11. No. 18 (1983)</subfield>
    <subfield code="l">0</subfield>
    <subfield code="p">2025-7001</subfield>
    <subfield code="r">2025-07-22</subfield>
    <subfield code="t">e.1</subfield>
    <subfield code="w">2025-07-22</subfield>
    <subfield code="y">ISSUE</subfield>
    <subfield code="z">Donado por: Biblioteca Rep&#xFA;blica Dominicana.</subfield>
  </datafield>
  <datafield tag="952" ind1=" " ind2=" ">
    <subfield code="0">0</subfield>
    <subfield code="1">0</subfield>
    <subfield code="2">ddc</subfield>
    <subfield code="4">0</subfield>
    <subfield code="5">6</subfield>
    <subfield code="7">0</subfield>
    <subfield code="8">SE</subfield>
    <subfield code="a">BNPHU</subfield>
    <subfield code="b">BNPHU</subfield>
    <subfield code="d">2025-07-22</subfield>
    <subfield code="h">A&#xF1;o 11. No. 18 (1983)</subfield>
    <subfield code="l">0</subfield>
    <subfield code="p">2025-7002</subfield>
    <subfield code="r">2025-07-22</subfield>
    <subfield code="t">e.2</subfield>
    <subfield code="w">2025-07-22</subfield>
    <subfield code="y">ISSUE</subfield>
    <subfield code="z">Donado por: Biblioteca Rep&#xFA;blica Dominicana.</subfield>
  </datafield>
  <datafield tag="952" ind1=" " ind2=" ">
    <subfield code="0">0</subfield>
    <subfield code="1">0</subfield>
    <subfield code="2">ddc</subfield>
    <subfield code="4">0</subfield>
    <subfield code="5">6</subfield>
    <subfield code="7">0</subfield>
    <subfield code="8">SE</subfield>
    <subfield code="a">BNPHU</subfield>
    <subfield code="b">BNPHU</subfield>
    <subfield code="d">2025-07-22</subfield>
    <subfield code="h">A&#xF1;o 11. No. 18 (1983)</subfield>
    <subfield code="l">0</subfield>
    <subfield code="p">2025-7005</subfield>
    <subfield code="r">2025-07-22</subfield>
    <subfield code="t">e.3</subfield>
    <subfield code="w">2025-07-22</subfield>
    <subfield code="y">ISSUE</subfield>
  </datafield>
  <datafield tag="952" ind1=" " ind2=" ">
    <subfield code="0">0</subfield>
    <subfield code="1">0</subfield>
    <subfield code="2">ddc</subfield>
    <subfield code="4">0</subfield>
    <subfield code="5">6</subfield>
    <subfield code="7">0</subfield>
    <subfield code="8">SE</subfield>
    <subfield code="a">BNPHU</subfield>
    <subfield code="b">BNPHU</subfield>
    <subfield code="d">2025-07-22</subfield>
    <subfield code="h">A&#xF1;o 11. No. 18 (1983)</subfield>
    <subfield code="l">0</subfield>
    <subfield code="p">2025-7006</subfield>
    <subfield code="r">2025-07-22</subfield>
    <subfield code="t">e.4</subfield>
    <subfield code="w">2025-07-22</subfield>
    <subfield code="y">ISSUE</subfield>
  </datafield>
  <datafield tag="952" ind1=" " ind2=" ">
    <subfield code="0">0</subfield>
    <subfield code="1">0</subfield>
    <subfield code="2">ddc</subfield>
    <subfield code="4">0</subfield>
    <subfield code="5">6</subfield>
    <subfield code="7">0</subfield>
    <subfield code="8">SE</subfield>
    <subfield code="a">BNPHU</subfield>
    <subfield code="b">BNPHU</subfield>
    <subfield code="d">2025-07-22</subfield>
    <subfield code="h">A&#xF1;o 11. No. 18 (1983)</subfield>
    <subfield code="l">0</subfield>
    <subfield code="p">2025-7007</subfield>
    <subfield code="r">2025-07-22</subfield>
    <subfield code="t">e.5</subfield>
    <subfield code="w">2025-07-22</subfield>
    <subfield code="y">ISSUE</subfield>
  </datafield>
  <datafield tag="952" ind1=" " ind2=" ">
    <subfield code="0">0</subfield>
    <subfield code="1">0</subfield>
    <subfield code="2">ddc</subfield>
    <subfield code="4">0</subfield>
    <subfield code="5">6</subfield>
    <subfield code="7">0</subfield>
    <subfield code="8">SE</subfield>
    <subfield code="a">BNPHU</subfield>
    <subfield code="b">BNPHU</subfield>
    <subfield code="d">2025-07-22</subfield>
    <subfield code="h">A&#xF1;o 11. No. 18 (1983)</subfield>
    <subfield code="l">0</subfield>
    <subfield code="p">2025-7008</subfield>
    <subfield code="r">2025-07-22</subfield>
    <subfield code="t">e.6</subfield>
    <subfield code="w">2025-07-22</subfield>
    <subfield code="y">ISSUE</subfield>
  </datafield>
  <datafield tag="952" ind1=" " ind2=" ">
    <subfield code="0">0</subfield>
    <subfield code="1">0</subfield>
    <subfield code="2">ddc</subfield>
    <subfield code="4">0</subfield>
    <subfield code="5">6</subfield>
    <subfield code="7">0</subfield>
    <subfield code="8">SE</subfield>
    <subfield code="a">BNPHU</subfield>
    <subfield code="b">BNPHU</subfield>
    <subfield code="d">2025-07-22</subfield>
    <subfield code="h">A&#xF1;o 11. No. 18 (1983)</subfield>
    <subfield code="l">0</subfield>
    <subfield code="p">2025-7009</subfield>
    <subfield code="r">2025-07-22</subfield>
    <subfield code="t">e.7</subfield>
    <subfield code="w">2025-07-22</subfield>
    <subfield code="y">ISSUE</subfield>
  </datafield>
  <datafield tag="952" ind1=" " ind2=" ">
    <subfield code="0">0</subfield>
    <subfield code="1">0</subfield>
    <subfield code="2">ddc</subfield>
    <subfield code="4">0</subfield>
    <subfield code="5">6</subfield>
    <subfield code="7">0</subfield>
    <subfield code="8">SE</subfield>
    <subfield code="a">BNPHU</subfield>
    <subfield code="b">BNPHU</subfield>
    <subfield code="d">2025-07-22</subfield>
    <subfield code="h">A&#xF1;o 12. No. 19 (1984)</subfield>
    <subfield code="l">0</subfield>
    <subfield code="p">2025-7010</subfield>
    <subfield code="r">2025-07-22</subfield>
    <subfield code="t">e.1</subfield>
    <subfield code="w">2025-07-22</subfield>
    <subfield code="y">ISSUE</subfield>
  </datafield>
  <datafield tag="952" ind1=" " ind2=" ">
    <subfield code="0">0</subfield>
    <subfield code="1">0</subfield>
    <subfield code="2">ddc</subfield>
    <subfield code="4">0</subfield>
    <subfield code="5">6</subfield>
    <subfield code="7">0</subfield>
    <subfield code="8">SE</subfield>
    <subfield code="a">BNPHU</subfield>
    <subfield code="b">BNPHU</subfield>
    <subfield code="d">2025-07-22</subfield>
    <subfield code="h">A&#xF1;o 12. No. 19 (1984)</subfield>
    <subfield code="l">0</subfield>
    <subfield code="p">2025-7011</subfield>
    <subfield code="r">2025-07-22</subfield>
    <subfield code="t">e.2</subfield>
    <subfield code="w">2025-07-22</subfield>
    <subfield code="y">ISSUE</subfield>
  </datafield>
  <datafield tag="952" ind1=" " ind2=" ">
    <subfield code="0">0</subfield>
    <subfield code="1">0</subfield>
    <subfield code="2">ddc</subfield>
    <subfield code="4">0</subfield>
    <subfield code="5">6</subfield>
    <subfield code="7">0</subfield>
    <subfield code="8">SE</subfield>
    <subfield code="a">BNPHU</subfield>
    <subfield code="b">BNPHU</subfield>
    <subfield code="d">2025-07-22</subfield>
    <subfield code="h">A&#xF1;o 12. No. 19 (1984)</subfield>
    <subfield code="l">0</subfield>
    <subfield code="p">2025-7012</subfield>
    <subfield code="r">2025-07-22</subfield>
    <subfield code="t">e.3</subfield>
    <subfield code="w">2025-07-22</subfield>
    <subfield code="y">ISSUE</subfield>
  </datafield>
  <datafield tag="952" ind1=" " ind2=" ">
    <subfield code="0">0</subfield>
    <subfield code="1">0</subfield>
    <subfield code="2">ddc</subfield>
    <subfield code="4">0</subfield>
    <subfield code="5">6</subfield>
    <subfield code="7">0</subfield>
    <subfield code="8">SE</subfield>
    <subfield code="a">BNPHU</subfield>
    <subfield code="b">BNPHU</subfield>
    <subfield code="d">2025-07-22</subfield>
    <subfield code="h">A&#xF1;o 12. No. 19 (1984)</subfield>
    <subfield code="l">0</subfield>
    <subfield code="p">2025-7013</subfield>
    <subfield code="r">2025-07-22</subfield>
    <subfield code="t">e.4</subfield>
    <subfield code="w">2025-07-22</subfield>
    <subfield code="y">ISSUE</subfield>
  </datafield>
  <datafield tag="952" ind1=" " ind2=" ">
    <subfield code="0">0</subfield>
    <subfield code="1">0</subfield>
    <subfield code="2">ddc</subfield>
    <subfield code="4">0</subfield>
    <subfield code="5">6</subfield>
    <subfield code="7">0</subfield>
    <subfield code="8">SE</subfield>
    <subfield code="a">BNPHU</subfield>
    <subfield code="b">BNPHU</subfield>
    <subfield code="d">2025-07-22</subfield>
    <subfield code="h">A&#xF1;o 14. No. 20 (1987)</subfield>
    <subfield code="l">0</subfield>
    <subfield code="p">2025-7014</subfield>
    <subfield code="r">2025-07-22</subfield>
    <subfield code="t">e.1</subfield>
    <subfield code="w">2025-07-22</subfield>
    <subfield code="y">ISSUE</subfield>
  </datafield>
  <datafield tag="952" ind1=" " ind2=" ">
    <subfield code="0">0</subfield>
    <subfield code="1">0</subfield>
    <subfield code="2">ddc</subfield>
    <subfield code="4">0</subfield>
    <subfield code="5">6</subfield>
    <subfield code="7">0</subfield>
    <subfield code="8">SE</subfield>
    <subfield code="a">BNPHU</subfield>
    <subfield code="b">BNPHU</subfield>
    <subfield code="d">2025-07-22</subfield>
    <subfield code="h">A&#xF1;o 15. No. 21 (1988)</subfield>
    <subfield code="l">0</subfield>
    <subfield code="p">2025-7015</subfield>
    <subfield code="r">2025-07-22</subfield>
    <subfield code="t">e.1</subfield>
    <subfield code="w">2025-07-22</subfield>
    <subfield code="y">ISSUE</subfield>
  </datafield>
  <datafield tag="952" ind1=" " ind2=" ">
    <subfield code="0">0</subfield>
    <subfield code="1">0</subfield>
    <subfield code="2">ddc</subfield>
    <subfield code="4">0</subfield>
    <subfield code="5">6</subfield>
    <subfield code="7">0</subfield>
    <subfield code="8">SE</subfield>
    <subfield code="a">BNPHU</subfield>
    <subfield code="b">BNPHU</subfield>
    <subfield code="d">2025-07-22</subfield>
    <subfield code="h">A&#xF1;o 16. No. 22 (1989)</subfield>
    <subfield code="l">0</subfield>
    <subfield code="p">2025-7016</subfield>
    <subfield code="r">2025-07-22</subfield>
    <subfield code="t">e.1</subfield>
    <subfield code="w">2025-07-22</subfield>
    <subfield code="y">ISSUE</subfield>
  </datafield>
  <datafield tag="952" ind1=" " ind2=" ">
    <subfield code="0">0</subfield>
    <subfield code="1">0</subfield>
    <subfield code="2">ddc</subfield>
    <subfield code="4">0</subfield>
    <subfield code="5">6</subfield>
    <subfield code="7">0</subfield>
    <subfield code="8">SE</subfield>
    <subfield code="a">BNPHU</subfield>
    <subfield code="b">BNPHU</subfield>
    <subfield code="d">2025-07-22</subfield>
    <subfield code="h">A&#xF1;o 17. No. 23 (1990)</subfield>
    <subfield code="l">0</subfield>
    <subfield code="p">2025-7017</subfield>
    <subfield code="r">2025-07-22</subfield>
    <subfield code="t">e.1</subfield>
    <subfield code="w">2025-07-22</subfield>
    <subfield code="y">ISSUE</subfield>
  </datafield>
  <datafield tag="952" ind1=" " ind2=" ">
    <subfield code="0">0</subfield>
    <subfield code="1">0</subfield>
    <subfield code="2">ddc</subfield>
    <subfield code="4">0</subfield>
    <subfield code="5">6</subfield>
    <subfield code="7">0</subfield>
    <subfield code="8">SE</subfield>
    <subfield code="a">BNPHU</subfield>
    <subfield code="b">BNPHU</subfield>
    <subfield code="d">2025-07-22</subfield>
    <subfield code="h">A&#xF1;o 18. No. 24 (1991)</subfield>
    <subfield code="l">0</subfield>
    <subfield code="p">2025-7018</subfield>
    <subfield code="r">2025-07-22</subfield>
    <subfield code="t">e.1</subfield>
    <subfield code="w">2025-07-22</subfield>
    <subfield code="y">ISSUE</subfield>
  </datafield>
  <datafield tag="952" ind1=" " ind2=" ">
    <subfield code="0">0</subfield>
    <subfield code="1">0</subfield>
    <subfield code="2">ddc</subfield>
    <subfield code="4">0</subfield>
    <subfield code="5">6</subfield>
    <subfield code="7">0</subfield>
    <subfield code="8">SE</subfield>
    <subfield code="a">BNPHU</subfield>
    <subfield code="b">BNPHU</subfield>
    <subfield code="d">2025-07-22</subfield>
    <subfield code="h">A&#xF1;o 19. No. 25 (1992)</subfield>
    <subfield code="l">0</subfield>
    <subfield code="p">2025-7019</subfield>
    <subfield code="r">2025-07-22</subfield>
    <subfield code="t">e.1</subfield>
    <subfield code="w">2025-07-22</subfield>
    <subfield code="y">ISSUE</subfield>
  </datafield>
  <datafield tag="952" ind1=" " ind2=" ">
    <subfield code="0">0</subfield>
    <subfield code="1">0</subfield>
    <subfield code="2">ddc</subfield>
    <subfield code="4">0</subfield>
    <subfield code="5">6</subfield>
    <subfield code="7">0</subfield>
    <subfield code="8">SE</subfield>
    <subfield code="a">BNPHU</subfield>
    <subfield code="b">BNPHU</subfield>
    <subfield code="d">2025-07-22</subfield>
    <subfield code="h">A&#xF1;o 20. No. 26 (1994)</subfield>
    <subfield code="l">0</subfield>
    <subfield code="p">2025-7020</subfield>
    <subfield code="r">2025-07-22</subfield>
    <subfield code="t">e.1</subfield>
    <subfield code="w">2025-07-22</subfield>
    <subfield code="y">ISSUE</subfield>
  </datafield>
  <datafield tag="952" ind1=" " ind2=" ">
    <subfield code="0">0</subfield>
    <subfield code="1">0</subfield>
    <subfield code="2">ddc</subfield>
    <subfield code="4">0</subfield>
    <subfield code="5">6</subfield>
    <subfield code="7">0</subfield>
    <subfield code="8">SE</subfield>
    <subfield code="a">BNPHU</subfield>
    <subfield code="b">BNPHU</subfield>
    <subfield code="d">2025-07-22</subfield>
    <subfield code="h">A&#xF1;o 20. No. 26 (1994)</subfield>
    <subfield code="l">0</subfield>
    <subfield code="p">2025-7021</subfield>
    <subfield code="r">2025-07-22</subfield>
    <subfield code="t">e.2</subfield>
    <subfield code="w">2025-07-22</subfield>
    <subfield code="y">ISSUE</subfield>
  </datafield>
  <datafield tag="952" ind1=" " ind2=" ">
    <subfield code="0">0</subfield>
    <subfield code="1">0</subfield>
    <subfield code="2">ddc</subfield>
    <subfield code="4">0</subfield>
    <subfield code="5">6</subfield>
    <subfield code="7">0</subfield>
    <subfield code="8">SE</subfield>
    <subfield code="a">BNPHU</subfield>
    <subfield code="b">BNPHU</subfield>
    <subfield code="d">2025-07-22</subfield>
    <subfield code="h">A&#xF1;o 26. No. 27 (1999)</subfield>
    <subfield code="l">0</subfield>
    <subfield code="p">2025-7023</subfield>
    <subfield code="r">2025-07-22</subfield>
    <subfield code="t">e.1</subfield>
    <subfield code="w">2025-07-22</subfield>
    <subfield code="y">ISSUE</subfield>
  </datafield>
  <datafield tag="952" ind1=" " ind2=" ">
    <subfield code="0">0</subfield>
    <subfield code="1">0</subfield>
    <subfield code="2">ddc</subfield>
    <subfield code="4">0</subfield>
    <subfield code="5">6</subfield>
    <subfield code="7">0</subfield>
    <subfield code="8">SE</subfield>
    <subfield code="a">BNPHU</subfield>
    <subfield code="b">BNPHU</subfield>
    <subfield code="d">2025-07-22</subfield>
    <subfield code="h">A&#xF1;o 26. No. 27 (1999)</subfield>
    <subfield code="l">0</subfield>
    <subfield code="p">2025-7024</subfield>
    <subfield code="r">2025-07-22</subfield>
    <subfield code="t">e.2</subfield>
    <subfield code="w">2025-07-22</subfield>
    <subfield code="y">ISSUE</subfield>
  </datafield>
  <datafield tag="952" ind1=" " ind2=" ">
    <subfield code="0">0</subfield>
    <subfield code="1">0</subfield>
    <subfield code="2">ddc</subfield>
    <subfield code="4">0</subfield>
    <subfield code="5">6</subfield>
    <subfield code="7">0</subfield>
    <subfield code="8">SE</subfield>
    <subfield code="a">BNPHU</subfield>
    <subfield code="b">BNPHU</subfield>
    <subfield code="d">2025-07-22</subfield>
    <subfield code="h">A&#xF1;o 27. No. 28 (2000)</subfield>
    <subfield code="l">0</subfield>
    <subfield code="p">2025-7025</subfield>
    <subfield code="r">2025-07-22</subfield>
    <subfield code="t">e.1</subfield>
    <subfield code="w">2025-07-22</subfield>
    <subfield code="y">ISSUE</subfield>
    <subfield code="z">Secretar&#xED;a de Estado de Cultura.</subfield>
  </datafield>
  <datafield tag="952" ind1=" " ind2=" ">
    <subfield code="0">0</subfield>
    <subfield code="1">0</subfield>
    <subfield code="2">ddc</subfield>
    <subfield code="4">0</subfield>
    <subfield code="5">6</subfield>
    <subfield code="7">0</subfield>
    <subfield code="8">SE</subfield>
    <subfield code="a">BNPHU</subfield>
    <subfield code="b">BNPHU</subfield>
    <subfield code="d">2025-07-22</subfield>
    <subfield code="h">A&#xF1;o 27. No. 28 (2000)</subfield>
    <subfield code="l">0</subfield>
    <subfield code="p">2025-7026</subfield>
    <subfield code="r">2025-07-22</subfield>
    <subfield code="t">e.2</subfield>
    <subfield code="w">2025-07-22</subfield>
    <subfield code="y">ISSUE</subfield>
    <subfield code="z">Secretar&#xED;a de Estado de Cultura.</subfield>
  </datafield>
  <datafield tag="952" ind1=" " ind2=" ">
    <subfield code="0">0</subfield>
    <subfield code="1">0</subfield>
    <subfield code="2">ddc</subfield>
    <subfield code="4">0</subfield>
    <subfield code="5">6</subfield>
    <subfield code="7">0</subfield>
    <subfield code="8">SE</subfield>
    <subfield code="a">BNPHU</subfield>
    <subfield code="b">BNPHU</subfield>
    <subfield code="d">2025-07-22</subfield>
    <subfield code="h">A&#xF1;o 28. No. 29 (2001)</subfield>
    <subfield code="l">0</subfield>
    <subfield code="p">2025-7027</subfield>
    <subfield code="r">2025-07-22</subfield>
    <subfield code="t">e.1</subfield>
    <subfield code="w">2025-07-22</subfield>
    <subfield code="y">ISSUE</subfield>
    <subfield code="z">Secretar&#xED;a de Estado de Cultura.</subfield>
  </datafield>
  <datafield tag="952" ind1=" " ind2=" ">
    <subfield code="0">0</subfield>
    <subfield code="1">0</subfield>
    <subfield code="2">ddc</subfield>
    <subfield code="4">0</subfield>
    <subfield code="5">6</subfield>
    <subfield code="7">0</subfield>
    <subfield code="8">SE</subfield>
    <subfield code="a">BNPHU</subfield>
    <subfield code="b">BNPHU</subfield>
    <subfield code="d">2025-07-22</subfield>
    <subfield code="h">A&#xF1;o 28. No. 30 (2001)</subfield>
    <subfield code="l">0</subfield>
    <subfield code="p">2025-7028</subfield>
    <subfield code="r">2025-07-22</subfield>
    <subfield code="t">e.1</subfield>
    <subfield code="w">2025-07-22</subfield>
    <subfield code="y">ISSUE</subfield>
    <subfield code="z">Secretar&#xED;a de Estado de Cultura.</subfield>
  </datafield>
  <datafield tag="952" ind1=" " ind2=" ">
    <subfield code="0">0</subfield>
    <subfield code="1">0</subfield>
    <subfield code="2">ddc</subfield>
    <subfield code="4">0</subfield>
    <subfield code="5">6</subfield>
    <subfield code="7">0</subfield>
    <subfield code="8">SE</subfield>
    <subfield code="a">BNPHU</subfield>
    <subfield code="b">BNPHU</subfield>
    <subfield code="d">2025-07-22</subfield>
    <subfield code="h">A&#xF1;o 29. No. 31 (2002)</subfield>
    <subfield code="l">0</subfield>
    <subfield code="p">2025-7029</subfield>
    <subfield code="r">2025-07-22</subfield>
    <subfield code="t">e.1</subfield>
    <subfield code="w">2025-07-22</subfield>
    <subfield code="y">ISSUE</subfield>
    <subfield code="z">Congos de Villa Mella.</subfield>
  </datafield>
  <datafield tag="952" ind1=" " ind2=" ">
    <subfield code="0">0</subfield>
    <subfield code="1">0</subfield>
    <subfield code="2">ddc</subfield>
    <subfield code="4">0</subfield>
    <subfield code="5">6</subfield>
    <subfield code="7">0</subfield>
    <subfield code="8">SE</subfield>
    <subfield code="a">BNPHU</subfield>
    <subfield code="b">BNPHU</subfield>
    <subfield code="d">2025-07-22</subfield>
    <subfield code="h">A&#xF1;o 29. No. 32 (2002)</subfield>
    <subfield code="l">0</subfield>
    <subfield code="p">2025-7030</subfield>
    <subfield code="r">2025-07-22</subfield>
    <subfield code="t">e.1</subfield>
    <subfield code="w">2025-07-22</subfield>
    <subfield code="y">ISSUE</subfield>
    <subfield code="z">Inmemoriam: Dra. June Rosenberg.</subfield>
  </datafield>
  <datafield tag="952" ind1=" " ind2=" ">
    <subfield code="0">0</subfield>
    <subfield code="1">0</subfield>
    <subfield code="2">ddc</subfield>
    <subfield code="4">0</subfield>
    <subfield code="5">6</subfield>
    <subfield code="7">0</subfield>
    <subfield code="8">SE</subfield>
    <subfield code="a">BNPHU</subfield>
    <subfield code="b">BNPHU</subfield>
    <subfield code="d">2025-07-22</subfield>
    <subfield code="h">A&#xF1;o 29. No. 32 (2002)</subfield>
    <subfield code="l">0</subfield>
    <subfield code="p">2025-7031</subfield>
    <subfield code="r">2025-07-22</subfield>
    <subfield code="t">e.2</subfield>
    <subfield code="w">2025-07-22</subfield>
    <subfield code="y">ISSUE</subfield>
    <subfield code="z">Inmemoriam: Dra. June Rosenberg.</subfield>
  </datafield>
  <datafield tag="952" ind1=" " ind2=" ">
    <subfield code="0">0</subfield>
    <subfield code="1">0</subfield>
    <subfield code="2">ddc</subfield>
    <subfield code="4">0</subfield>
    <subfield code="5">6</subfield>
    <subfield code="7">0</subfield>
    <subfield code="8">SE</subfield>
    <subfield code="a">BNPHU</subfield>
    <subfield code="b">BNPHU</subfield>
    <subfield code="d">2025-07-22</subfield>
    <subfield code="h">A&#xF1;o 29. No. 32 (2002)</subfield>
    <subfield code="l">0</subfield>
    <subfield code="p">2025-7032</subfield>
    <subfield code="r">2025-07-22</subfield>
    <subfield code="t">e.3</subfield>
    <subfield code="w">2025-07-22</subfield>
    <subfield code="y">ISSUE</subfield>
    <subfield code="z">Inmemoriam: Dra. June Rosenberg.</subfield>
  </datafield>
  <datafield tag="952" ind1=" " ind2=" ">
    <subfield code="0">0</subfield>
    <subfield code="1">0</subfield>
    <subfield code="2">ddc</subfield>
    <subfield code="4">0</subfield>
    <subfield code="5">6</subfield>
    <subfield code="7">0</subfield>
    <subfield code="8">SE</subfield>
    <subfield code="a">BNPHU</subfield>
    <subfield code="b">BNPHU</subfield>
    <subfield code="d">2025-07-22</subfield>
    <subfield code="h">A&#xF1;o 34. No. 41 (2007)</subfield>
    <subfield code="l">0</subfield>
    <subfield code="p">2025-7033</subfield>
    <subfield code="r">2025-07-22</subfield>
    <subfield code="t">e.1</subfield>
    <subfield code="w">2025-07-22</subfield>
    <subfield code="y">ISSUE</subfield>
    <subfield code="z">Secretar&#xED;a de Estado de Cultura.</subfield>
  </datafield>
  <datafield tag="952" ind1=" " ind2=" ">
    <subfield code="0">0</subfield>
    <subfield code="1">0</subfield>
    <subfield code="2">ddc</subfield>
    <subfield code="4">0</subfield>
    <subfield code="5">6</subfield>
    <subfield code="7">0</subfield>
    <subfield code="8">SE</subfield>
    <subfield code="a">BNPHU</subfield>
    <subfield code="b">BNPHU</subfield>
    <subfield code="d">2025-07-22</subfield>
    <subfield code="h">A&#xF1;o 37. No. 43 (2010)</subfield>
    <subfield code="l">0</subfield>
    <subfield code="p">2025-7034</subfield>
    <subfield code="r">2025-07-22</subfield>
    <subfield code="t">e.1</subfield>
    <subfield code="w">2025-07-22</subfield>
    <subfield code="y">ISSUE</subfield>
    <subfield code="z">Ministerio de Cultura.</subfield>
  </datafield>
  <datafield tag="952" ind1=" " ind2=" ">
    <subfield code="0">0</subfield>
    <subfield code="1">0</subfield>
    <subfield code="2">ddc</subfield>
    <subfield code="4">0</subfield>
    <subfield code="5">6</subfield>
    <subfield code="7">0</subfield>
    <subfield code="8">SE</subfield>
    <subfield code="a">BNPHU</subfield>
    <subfield code="b">BNPHU</subfield>
    <subfield code="d">2025-07-22</subfield>
    <subfield code="h">A&#xF1;o 40. No. 45 (2013)</subfield>
    <subfield code="l">0</subfield>
    <subfield code="p">2025-7035</subfield>
    <subfield code="r">2025-07-22</subfield>
    <subfield code="t">e.1</subfield>
    <subfield code="w">2025-07-22</subfield>
    <subfield code="y">ISSUE</subfield>
    <subfield code="z">Actas IV Congreso de Antropolog&#xED;a y Arqueolog&#xED;a. Ing. Elpidio Ortega.</subfield>
  </datafield>
  <datafield tag="952" ind1=" " ind2=" ">
    <subfield code="0">0</subfield>
    <subfield code="1">0</subfield>
    <subfield code="2">ddc</subfield>
    <subfield code="4">0</subfield>
    <subfield code="5">6</subfield>
    <subfield code="7">0</subfield>
    <subfield code="8">SE</subfield>
    <subfield code="a">BNPHU</subfield>
    <subfield code="b">BNPHU</subfield>
    <subfield code="d">2025-07-22</subfield>
    <subfield code="h">A&#xF1;o 47. No. 48 (2020)</subfield>
    <subfield code="l">0</subfield>
    <subfield code="p">2025-7037</subfield>
    <subfield code="r">2025-07-22</subfield>
    <subfield code="t">e.1</subfield>
    <subfield code="w">2025-07-22</subfield>
    <subfield code="y">ISSUE</subfield>
    <subfield code="z">Actas Congreso de Antropolog&#xED;a y Arqueolog&#xED;a. Marcio Veloz Maggiolo.</subfield>
  </datafield>
  <datafield tag="952" ind1=" " ind2=" ">
    <subfield code="0">0</subfield>
    <subfield code="1">0</subfield>
    <subfield code="2">ddc</subfield>
    <subfield code="4">0</subfield>
    <subfield code="5">6</subfield>
    <subfield code="7">0</subfield>
    <subfield code="8">SE</subfield>
    <subfield code="a">BNPHU</subfield>
    <subfield code="b">BNPHU</subfield>
    <subfield code="d">2025-07-22</subfield>
    <subfield code="h">A&#xF1;o 47. No. 48 (2020)</subfield>
    <subfield code="l">0</subfield>
    <subfield code="p">2025-7038</subfield>
    <subfield code="r">2025-07-22</subfield>
    <subfield code="t">e.2</subfield>
    <subfield code="w">2025-07-22</subfield>
    <subfield code="y">ISSUE</subfield>
    <subfield code="z">Actas Congreso de Antropolog&#xED;a y Arqueolog&#xED;a. Marcio Veloz Maggiolo.</subfield>
  </datafield>
  <datafield tag="952" ind1=" " ind2=" ">
    <subfield code="0">0</subfield>
    <subfield code="1">0</subfield>
    <subfield code="2">ddc</subfield>
    <subfield code="4">0</subfield>
    <subfield code="5">6</subfield>
    <subfield code="7">0</subfield>
    <subfield code="8">SE</subfield>
    <subfield code="a">BNPHU</subfield>
    <subfield code="b">BNPHU</subfield>
    <subfield code="d">2025-07-22</subfield>
    <subfield code="h">A&#xF1;o 47. No. 48 (2020)</subfield>
    <subfield code="l">0</subfield>
    <subfield code="p">2025-7039</subfield>
    <subfield code="r">2025-07-22</subfield>
    <subfield code="t">e.3</subfield>
    <subfield code="w">2025-07-22</subfield>
    <subfield code="y">ISSUE</subfield>
    <subfield code="z">Actas Congreso de Antropolog&#xED;a y Arqueolog&#xED;a. Marcio Veloz Maggiolo.</subfield>
  </datafield>
  <datafield tag="952" ind1=" " ind2=" ">
    <subfield code="0">0</subfield>
    <subfield code="1">0</subfield>
    <subfield code="2">ddc</subfield>
    <subfield code="4">0</subfield>
    <subfield code="5">6</subfield>
    <subfield code="7">0</subfield>
    <subfield code="8">SE</subfield>
    <subfield code="a">BNPHU</subfield>
    <subfield code="b">BNPHU</subfield>
    <subfield code="d">2025-07-22</subfield>
    <subfield code="h">A&#xF1;o 48. No. 49 (2021)</subfield>
    <subfield code="l">0</subfield>
    <subfield code="p">2025-7040</subfield>
    <subfield code="r">2025-07-22</subfield>
    <subfield code="t">e.1</subfield>
    <subfield code="w">2025-07-22</subfield>
    <subfield code="y">ISSUE</subfield>
    <subfield code="z">Actas Congreso de Antropolog&#xED;a y Arqueolog&#xED;a. Carlos Esteban Deive.</subfield>
  </datafield>
  <datafield tag="952" ind1=" " ind2=" ">
    <subfield code="0">0</subfield>
    <subfield code="1">0</subfield>
    <subfield code="2">ddc</subfield>
    <subfield code="4">0</subfield>
    <subfield code="5">6</subfield>
    <subfield code="7">0</subfield>
    <subfield code="8">SE</subfield>
    <subfield code="a">BNPHU</subfield>
    <subfield code="b">BNPHU</subfield>
    <subfield code="d">2025-07-22</subfield>
    <subfield code="h">A&#xF1;o 48. No. 49 (2021)</subfield>
    <subfield code="l">0</subfield>
    <subfield code="p">2025-7041</subfield>
    <subfield code="r">2025-07-22</subfield>
    <subfield code="t">e.2</subfield>
    <subfield code="w">2025-07-22</subfield>
    <subfield code="y">ISSUE</subfield>
    <subfield code="z">Actas Congreso de Antropolog&#xED;a y Arqueolog&#xED;a. Carlos Esteban Deive.</subfield>
  </datafield>
  <datafield tag="952" ind1=" " ind2=" ">
    <subfield code="0">0</subfield>
    <subfield code="1">0</subfield>
    <subfield code="2">ddc</subfield>
    <subfield code="4">0</subfield>
    <subfield code="5">6</subfield>
    <subfield code="7">0</subfield>
    <subfield code="8">SE</subfield>
    <subfield code="a">BNPHU</subfield>
    <subfield code="b">BNPHU</subfield>
    <subfield code="d">2025-07-22</subfield>
    <subfield code="h">A&#xF1;o 48. No. 49 (2021)</subfield>
    <subfield code="l">0</subfield>
    <subfield code="p">2025-7042</subfield>
    <subfield code="r">2025-07-22</subfield>
    <subfield code="t">e.3</subfield>
    <subfield code="w">2025-07-22</subfield>
    <subfield code="y">ISSUE</subfield>
    <subfield code="z">Actas Congreso de Antropolog&#xED;a y Arqueolog&#xED;a. Carlos Esteban Deive.</subfield>
  </datafield>
  <datafield tag="952" ind1=" " ind2=" ">
    <subfield code="0">0</subfield>
    <subfield code="1">0</subfield>
    <subfield code="2">ddc</subfield>
    <subfield code="4">0</subfield>
    <subfield code="5">6</subfield>
    <subfield code="7">0</subfield>
    <subfield code="8">SE</subfield>
    <subfield code="a">BNPHU</subfield>
    <subfield code="b">BNPHU</subfield>
    <subfield code="d">2026-02-12</subfield>
    <subfield code="h">A&#xF1;o 7. No. 10 (mayo 1978)</subfield>
    <subfield code="l">0</subfield>
    <subfield code="p">2026-1039</subfield>
    <subfield code="r">2026-02-12</subfield>
    <subfield code="t">e.3</subfield>
    <subfield code="w">2026-02-12</subfield>
    <subfield code="y">ISSUE</subfield>
  </datafield>
  <datafield tag="952" ind1=" " ind2=" ">
    <subfield code="0">0</subfield>
    <subfield code="1">0</subfield>
    <subfield code="2">ddc</subfield>
    <subfield code="4">0</subfield>
    <subfield code="5">6</subfield>
    <subfield code="7">0</subfield>
    <subfield code="8">SE</subfield>
    <subfield code="a">BNPHU</subfield>
    <subfield code="b">BNPHU</subfield>
    <subfield code="d">2026-02-12</subfield>
    <subfield code="h">A&#xF1;o 7. No. 10 (mayo 1978)</subfield>
    <subfield code="l">0</subfield>
    <subfield code="p">2026-1040</subfield>
    <subfield code="r">2026-02-12</subfield>
    <subfield code="t">e.4</subfield>
    <subfield code="w">2026-02-12</subfield>
    <subfield code="y">ISSUE</subfield>
  </datafield>
  <datafield tag="952" ind1=" " ind2=" ">
    <subfield code="0">0</subfield>
    <subfield code="1">0</subfield>
    <subfield code="2">ddc</subfield>
    <subfield code="4">0</subfield>
    <subfield code="5">6</subfield>
    <subfield code="7">0</subfield>
    <subfield code="8">SE</subfield>
    <subfield code="a">BNPHU</subfield>
    <subfield code="b">BNPHU</subfield>
    <subfield code="d">2026-02-12</subfield>
    <subfield code="h">A&#xF1;o 9. No. 15 ( 1980)</subfield>
    <subfield code="l">0</subfield>
    <subfield code="p">2026-1041</subfield>
    <subfield code="r">2026-02-12</subfield>
    <subfield code="t">e.2</subfield>
    <subfield code="w">2026-02-12</subfield>
    <subfield code="y">ISSUE</subfield>
  </datafield>
  <datafield tag="952" ind1=" " ind2=" ">
    <subfield code="0">0</subfield>
    <subfield code="1">0</subfield>
    <subfield code="2">ddc</subfield>
    <subfield code="4">0</subfield>
    <subfield code="5">6</subfield>
    <subfield code="7">0</subfield>
    <subfield code="8">SE</subfield>
    <subfield code="a">BNPHU</subfield>
    <subfield code="b">BNPHU</subfield>
    <subfield code="d">2026-02-12</subfield>
    <subfield code="h">A&#xF1;o 9. No. 15 ( 1980)</subfield>
    <subfield code="l">0</subfield>
    <subfield code="p">2026-1042</subfield>
    <subfield code="r">2026-02-12</subfield>
    <subfield code="t">e.3</subfield>
    <subfield code="w">2026-02-12</subfield>
    <subfield code="y">ISSUE</subfield>
  </datafield>
  <datafield tag="952" ind1=" " ind2=" ">
    <subfield code="0">0</subfield>
    <subfield code="1">0</subfield>
    <subfield code="2">ddc</subfield>
    <subfield code="4">0</subfield>
    <subfield code="5">6</subfield>
    <subfield code="7">0</subfield>
    <subfield code="8">SE</subfield>
    <subfield code="a">BNPHU</subfield>
    <subfield code="b">BNPHU</subfield>
    <subfield code="d">2026-02-12</subfield>
    <subfield code="h">A&#xF1;o 10. No. 16 ( 1981)</subfield>
    <subfield code="l">0</subfield>
    <subfield code="p">2026-1043</subfield>
    <subfield code="r">2026-02-12</subfield>
    <subfield code="t">e.2</subfield>
    <subfield code="w">2026-02-12</subfield>
    <subfield code="y">ISSUE</subfield>
  </datafield>
  <datafield tag="952" ind1=" " ind2=" ">
    <subfield code="0">0</subfield>
    <subfield code="1">0</subfield>
    <subfield code="2">ddc</subfield>
    <subfield code="4">0</subfield>
    <subfield code="5">6</subfield>
    <subfield code="7">0</subfield>
    <subfield code="8">SE</subfield>
    <subfield code="a">BNPHU</subfield>
    <subfield code="b">BNPHU</subfield>
    <subfield code="d">2026-02-12</subfield>
    <subfield code="h">A&#xF1;o 10. No. 16 ( 1981)</subfield>
    <subfield code="l">0</subfield>
    <subfield code="p">2026-1044</subfield>
    <subfield code="r">2026-02-12</subfield>
    <subfield code="t">e.3</subfield>
    <subfield code="w">2026-02-12</subfield>
    <subfield code="y">ISSUE</subfield>
  </datafield>
  <datafield tag="952" ind1=" " ind2=" ">
    <subfield code="0">0</subfield>
    <subfield code="1">0</subfield>
    <subfield code="2">ddc</subfield>
    <subfield code="4">0</subfield>
    <subfield code="5">6</subfield>
    <subfield code="7">0</subfield>
    <subfield code="8">SE</subfield>
    <subfield code="a">BNPHU</subfield>
    <subfield code="b">BNPHU</subfield>
    <subfield code="d">2026-02-12</subfield>
    <subfield code="h">	A&#xF1;o 12. No. 19 (1984)</subfield>
    <subfield code="l">0</subfield>
    <subfield code="p">2026-1045</subfield>
    <subfield code="r">2026-02-12</subfield>
    <subfield code="t">e.2</subfield>
    <subfield code="w">2026-02-12</subfield>
    <subfield code="y">ISSUE</subfield>
  </datafield>
  <datafield tag="952" ind1=" " ind2=" ">
    <subfield code="0">0</subfield>
    <subfield code="1">0</subfield>
    <subfield code="2">ddc</subfield>
    <subfield code="4">0</subfield>
    <subfield code="5">6</subfield>
    <subfield code="7">0</subfield>
    <subfield code="8">SE</subfield>
    <subfield code="a">BNPHU</subfield>
    <subfield code="b">BNPHU</subfield>
    <subfield code="d">2026-02-12</subfield>
    <subfield code="h">	A&#xF1;o 27. No. 28 (2000)</subfield>
    <subfield code="l">0</subfield>
    <subfield code="p">2026-1046</subfield>
    <subfield code="r">2026-02-12</subfield>
    <subfield code="t">e.2</subfield>
    <subfield code="w">2026-02-12</subfield>
    <subfield code="y">ISSUE</subfield>
  </datafield>
  <datafield tag="999" ind1=" " ind2=" ">
    <subfield code="c">36574</subfield>
    <subfield code="d">36574</subfield>
  </datafield>
</record>
